000 00862nam a2200265 a 4500
001 BRCA_4151
005 20190320204549.0
008 150410s1968----enka######---#000-0#eng-#
041 _aeng
044 _aenk
050 4 _aNK928
_b.C66 1968
245 1 0 _aThe Connoisseur´s Complete Period Guides to the Houses, Decoration, Furnishing and Chattels of the Classic Periods
_cedited by Ralph Edwards and L. G. G. Ramsey.
260 _aLondon
_bs.e.
_c1968
300 _a1536 p.
_bil.
_c26 cm.
500 _aIncluye índice alfabético
500 _aC181
650 1 4 _aArte británico
_910721
650 1 4 _aDecoración y ornamentación
_93592
650 1 4 _aMuebles
_zGran Bretaña
_99406
650 1 4 _aArquitectura
_zGran Bretaña
_910722
700 1 _aEdwards, Ralph
_eed.
_910723
700 1 _aRamsey, L. G. G.
_eed.
_910724
902 _aGFM
942 _2lcc
_cB
999 _c3867
_d3867